| 000 | 00586nam a2200217 a 4500 | ||
|---|---|---|---|
| 005 | 20140310183524.0 | ||
| 008 | 110802s19uu xx 00 eng d | ||
| 020 | _a 9780071084987 | ||
| 050 |
_aBF 713 _b.P35 2010 |
||
| 100 | _aPapalia, Diane E. | ||
| 245 |
_aHuman development / _cDiane E. Papalia. |
||
| 250 | _a11th ed. | ||
| 260 |
_aNew York : _bMcGraw-Hill, _c2010. |
||
| 300 |
_a720 p. : _bill. ; _c26 cm. |
||
| 521 | _aPSYCH | ||
| 650 | _aHuman development. | ||
| 700 | _aSally Wendoks Olds | ||
| 700 | _aRuth Duskin Feldman | ||
| 942 |
_cBK _2lcc _kFOR |
||
| 999 |
_c24480 _d24480 |
||